| 000 | 01965nam0a2200361 4500 | ||
|---|---|---|---|
| 001 | RU\NLR\BIBL_A\011187191 | ||
| 005 | 20260409074455.0 | ||
| 010 |
_a978-5-7526-0730-1 _980 |
||
| 021 |
_aRU _b2016-56161 _93563 |
||
| 035 | _a(NLR Aleph) 011187191 | ||
| 035 | _a(NILC)RuMoRGB-008550067 | ||
| 090 |
_a11848072 _c11848072 |
||
| 100 | _a20160802d2016 k y0rusy50 ca | ||
| 101 | 0 | _arus | |
| 102 | _aRU | ||
| 105 | _aa|||z|||000yy | ||
| 200 | 1 |
_aУчебные спортивные интеллектуальные состязания по программированию среди студентов _eXVII семинар-олимпиада по программированию среди студентов (Ижевск, 10-22 февраля 2016 г.) |
|
| 210 |
_aИжевск _cИзд-во ИжГТУ _d2016 |
||
| 215 |
_a51 с. _cил. _d20 |
||
| 300 | _aВ надзаг.: М-во образования и науки Рос. Федерации, Федер. гос. бюджет. образоват. учреждение высш. образования "Ижев. гос. техн. ун-т им. М.Т. Калашникова" | ||
| 606 |
_aПрограммирование (компьют.) _xЗадачи _xРешение _jУчебные издания _3RU\NLR\AUTH\661295888 _92152009 |
||
| 606 |
_aПрограммирование (компьют.) _xОлимпиады студенческие _3RU\NLR\AUTH\661490804 _92515233 |
||
| 686 | 1 | _aЗ973.233я7-42 | |
| 686 | 1 | _aЧ486.29-382.61 | |
| 710 | 1 | 2 |
_aУчебные спортивные интеллектуальные состязания по программированию среди студентов _d17 _eИжевск _f2016 _9525410 _3RU\NLR\AUTH\880430537 |
| 801 | 0 |
_aRU _bРГБ _c20160715 _gRCR |
|
| 942 | _cBOOK | ||
| 980 | _aNBR | ||
| 980 | _aNB | ||
| 983 | 0 | 1 | _tKF |